Statistics for Destination of Vietnam Airlines

Click here to take the quiz!

General Stats

  • This quiz has been taken 161 times
  • The average score is 23 of 51

Answer Stats

Answer% Correct
Hanoi
88%
Bangkok
83%
Beijing
83%
Singapore
82%
Jakarta
80%
London
80%
Paris
80%
Kuala Lumpur
79%
Sydney
79%
Shanghai
76%
Ho Chi Minh City
75%
Seoul
75%
Melbourne
74%
Hong Kong
69%
Guangzhou
68%
Osaka
65%
Taipei
60%
Da Nang
59%
Moscow
58%
Phnom Penh
58%
Frankfurt
57%
Tokyo Narita
49%
Vientiane
49%
Chengdu
45%
Tokyo Haneda
43%
Busan
39%
Nagoya
39%
Yangon
37%
Huế
35%
Cam Ranh
33%
Fukuoka
33%
Siem Reap
33%
Haiphong
31%
Nanjing
31%
Phu Quoc
25%
Cần Thơ
24%
Luang Prabang
23%
Hangzhou
20%
Vinh
19%
Da Lat
17%
Kaohsiung
15%
Tho Xuan
15%
Côn Đảo
13%
Đồng Hới
13%
Cà Mau
12%
Buôn Ma Thuột
11%
Phu Cat
11%
Dong Tac
10%
Chu Lai
9%
Điên Biên Phủ
3%
Rạch Giá
3%

Score Distribution

Percentile by Number Answered

Percent of People with Each Score

Your Score History

You have not taken this quiz